[Event "RSA-chT U14"]
[Site "Cape Town"]
[Date "2016.01.05"]
[Round "4.3"]
[White "Dikgang, Atlegang"]
[Black "Claassen, Jean Daniel"]
[Result "0-1"]
[WhiteElo "1075"]
[BlackElo "1188"]
[PlyCount "27"]
[EventDate "2016.01.04"]
[EventType "team-tourn"]
[EventRounds "7"]
[EventCountry "RSA"]
[SourceTitle "CBM 170 Extra"]
[Source "ChessBase"]
[SourceDate "2016.02.25"]
[SourceVersion "1"]
[SourceVersionDate "2016.02.25"]
[SourceQuality "1"]
[WhiteTeam "Bojanala Platina"]
[BlackTeam "Tshwane"]
[WhiteTeamCountry "RSA"]
[BlackTeamCountry "RSA"]

1. e4 c5 2. Nc3 g6 3. d3 Nc6 4. Nf3 Bg7 5. Bd2 e6 6. Bg5 Nge7 7. Bd2 0-0 8. Be2 d5 9. 0-0 Nd4 10. Nxd4 cxd4 11. Na4 Qd6 12. exd5 Qxd5 13. Bf3 Qd6 14. a3 0-1

[Event "RSA-chT U14"]
[Site "Cape Town"]
[Date "2016.01.05"]
[Round "3.3"]
[White "Fitton, Ruben"]
[Black "Dikgang, Atlegang"]
[Result "1-0"]
[WhiteElo "1338"]
[BlackElo "1075"]
[PlyCount "35"]
[EventDate "2016.01.04"]
[EventType "team-tourn"]
[EventRounds "7"]
[EventCountry "RSA"]
[SourceTitle "CBM 170 Extra"]
[Source "ChessBase"]
[SourceDate "2016.02.25"]
[SourceVersion "1"]
[SourceVersionDate "2016.02.25"]
[SourceQuality "1"]
[WhiteTeam "Johannesburg Metro"]
[BlackTeam "Bojanala Platina"]
[WhiteTeamCountry "RSA"]
[BlackTeamCountry "RSA"]

1. d4 Nf6 2. c4 g6 3. Nc3 Bg7 4. Nf3 d6 5. e4 0-0 6. Bg5 Qe8 7. Qd2 e5 8. dxe5 dxe5 9. Bxf6 Bxf6 10. Nd5 Qd8 11. Qa5 Nd7 12. Qxc7 Qxc7 13. Nxc7 Rb8 14. a3 Nb6 15. Be2 Bg4 16. h3 Bxf3 17. Bxf3 Nd7 18. Nd5 1-0